000 01670nam a22001577a 4500
041 _aukr
080 _a09
090 _bКУЧ
100 _aКучерук Н. С.
245 _aФункціонування французького запозиченого лексичного елементу в сучасній англійській мові.
260 _aОстрог
_bКАФ
_c2003
300 _a74
520 _aРозділ 1. Французький лексичний елемент в англійській мові. 1.1.Характеристика французької лексики в історичному, формальному,семантичному та морфологічному аспектах. 1.2.Процес асиміляції французьких запозичень у фонетичному, орфографічному,морфологічному та лексичному планах. Розділ 2. Форми взаємного існування французької запозиченої та англосаксонської лексик. 2.1.Парні синоніми французького та англосаксонського походження. 2.2.Історичні передумови формування етимологічних дуплетів та їх видова різноманітність. 2.3.Дослідження французького запозиченого елементу на основі англійських літературних памяток.
_0французький, елемент,запозичень
650 _aResearch Papers
999 _c281884
_d281884
942 _cBK